000 00337nam a2200145Ia 4500
008 230917s9999||||xx |||||||||||||| ||und||
040 _e58323
_aMAIN
041 _aEnglish
082 _a822.3 W394W
100 _aWebster, John
245 0 _aWhite devil
260 _aLondon
_bErnest Benn
_c1969
300 _axxxiv, 174 p.
942 _cBK
999 _c62806
_d62806